|
|
|
|
| LEADER |
01681nam a2200481 a 4500 |
| 001 |
000019303 |
| 003 |
CZ BrMZK |
| 005 |
20240812133807.0 |
| 008 |
950313s1995 xr e f 0 cze d |
| 015 |
|
|
|a cnb000094473
|
| 020 |
|
|
|a 80-85942-01-1
|
| 040 |
|
|
|a BOA001
|b cze
|
| 072 |
|
7 |
|a 2
|x Náboženství
|2 Konspekt
|9 5
|
| 080 |
|
|
|a 2-58
|2 MRF
|
| 080 |
|
|
|a 2-1-8-028.82
|2 MRF
|
| 080 |
|
|
|a 2-8
|2 MRF
|
| 080 |
|
|
|a 2-79
|2 MRF
|
| 080 |
|
|
|a 2-78
|2 MRF
|
| 080 |
|
|
|a (036)
|2 MRF
|
| 100 |
1 |
|
|a Štampach, Ivan O.,
|d 1946-2026
|7 jn19990218116
|4 aut
|
| 245 |
1 |
0 |
|a Sekty a nová náboženská hnutí :
|b naděje a rizika /
|c Odilo Ivan Štampach
|
| 250 |
|
|
|a 2. vyd.
|
| 260 |
|
|
|a Praha :
|b Oliva,
|c 1995
|
| 300 |
|
|
|a 15 s. ;
|c 21 cm
|
| 490 |
1 |
|
|a Přednášky, studie a texty
|
| 500 |
|
|
|a Vyd. Společnost pro studium sekt a nových náboženských směrů
|
| 500 |
|
|
|a Bibliogr. s. 15
|
| 650 |
0 |
7 |
|a spiritualita
|7 ph116237
|2 czenas
|
| 650 |
0 |
7 |
|a alternativní religiozita
|7 ph118365
|2 czenas
|
| 650 |
0 |
7 |
|a náboženská hnutí
|7 ph123372
|2 czenas
|
| 650 |
0 |
7 |
|a náboženské sekty
|7 ph115482
|2 czenas
|
| 650 |
0 |
7 |
|a náboženské společnosti
|7 ph123381
|2 czenas
|
| 650 |
0 |
9 |
|a spirituality
|2 eczenas
|
| 650 |
0 |
9 |
|a alternative religiosity
|2 eczenas
|
| 650 |
0 |
9 |
|a religious movements
|2 eczenas
|
| 650 |
0 |
9 |
|a religious sects
|2 eczenas
|
| 650 |
0 |
9 |
|a religious societies
|2 eczenas
|
| 655 |
|
7 |
|a informační publikace
|7 fd132454
|2 czenas
|
| 655 |
|
9 |
|a information publications
|2 eczenas
|
| 830 |
|
0 |
|a Přednášky, studie a texty
|
| 910 |
|
|
|a BOA001
|b X-1007.908
|
| 990 |
|
|
|a BK
|
| 996 |
6 |
|
|b 2610019890
|c X-1007.908
|l MZK
|r Sklad / do 24 hodin
|n 78
|p p.v.
|w 000019303
|u 000010
|a 1
|e BOA001
|j MZK50
|s P
|